Alle deutschen Innenminister - Statistiken

Allgemein
  • Dieses Quiz wurde 39 mal gespielt
    3 seit der letzten Aktualisierung
  • Das Durchschnittsergebnis liegt bei 5 aus 20
Antwortstatistiken
Amtszeit Innenminister % Korrekt
2018-2021 Horst Seehofer
67%
2021-2025 Nancy Faeser
67%
2009-2011, 2013-2018 Thomas de Maizière
67%
2025-heute Alexander Dobrindt
33%
1953-1961 Gerhard Schröder
33%
1949-1950 Gustav Heinemann
33%
1969-1974 Hans-Dietrich Genscher
33%
2011-2013 Hans-Peter Friedrich
33%
1993-1998 Manfred Kanther
33%
1998-2005 Otto Schily
33%
1989-1991, 2005-2009 Wolfgang Schäuble
33%
1968-1969 Ernst Benda
0%
1982-1989 Friedrich Zimmermann
0%
1978-1982 Gerhart Baum
0%
1961-1965 Herrmann Höcherl
0%
1982-1982 Jürgen Schmude
0%
1965-1968 Paul Lücke
0%
1950-1953 Robert Lehr
0%
1991-1993 Rudolf Seiters
0%
1974-1978 Werner Maihofer
0%
Keine übereinstimmenden Quizze gefunden
Verteilung der Resultate
Anzahl Personen mit jedem Resultat
Perzentil nach korrekt beantworteten Fragen
Ihre Resultats-Entwicklung
Sie haben dieses Quiz seit der letzten Aktualisierung nicht gespielt